00365nam a2200145Ia 4500008004100000040001900041041001200060082001900072100001600091245003400107260002700141300001900168650001400187850001800201131103s9999 xx 000 0 und d aLoreto College aEnglish a920/BAXbLCLIB aBax, Arnold aFarawell my youthcArnold Bax aLondonbLongmansc1949 a112p. c 21cm. aBiography aLCLIB/920/BAX